Responses for show #8286 - Monday, November 23, 2020

Contestants

[<< previous game]

Henry Baer, a software engineer from Lafayette, California

Amanda Minafo, an undergraduate advisor from San Francisco, California

Charlie Fonville, a producer originally from Wichita Falls, Texas (whose 1-day cash winnings total $30,000)

[next game >>]

Jeopardy! Round responses

INTERNAL ORGAN PRACTICE
BIRDLIKE VERBS
LET'S GET HAMMERED
TV TITLE PLACES
RUSSIAN INTERFERENCE
CLARK
    $200 22
the liver

Charlie
    $200 11
tweet

Charlie
    $200 17
jack

Charlie
    $200 1
Boston

Charlie
    $200 4
Stalin

Henry
    $200 14
Superman

Charlie
    $400 23
the ovaries

Amanda
    $400 12
peck

Amanda
    $400 18
a claw hammer

Charlie
    $1,000 2
Chicago

Charlie
    $400 5
the KGB

Charlie
    $400 27
Nevada

Amanda
    $600 24
the esophagus

Charlie
    $600 13
(Charlie: What... is... flitter?)

hatch

Charlie
Triple Stumper
    $600 19
a sledgehammer

Amanda
    $600 3
Austin

Amanda
    $600 8
Afghanistan

Henry
    $600 28
Massachusetts

Triple Stumper
    $800 25
the small intestine

Henry
    $800 15
(Henry: What is wallow?)

brood

Henry
Triple Stumper
    $800 20
a mallet

Charlie
    $800 6
Atlanta

Amanda
    $800 9
Crimea

Henry
    $800 29
Marcia Clark

Charlie
    $1000 26
the lungs

Charlie
    $1000 16
coo

Triple Stumper
    $1000 21
a ball-peen

Charlie
    $1000 7
New Orleans

Charlie
    $1000 10
St. Petersburg

Henry
    $1000 30
Herbert Hoover

Triple Stumper

Scores at the first commercial break (after clue 15):

Charlie Amanda Henry
$2,400 $1,800 $1,800

Scores at the end of the Jeopardy! Round:

Charlie Amanda Henry
$7,400 $3,200 $2,600

Double Jeopardy! Round responses

A PLACE TO PARK YOUR YACHT
ASTRONAUTS
6-LETTER DOUBLE G WORDS
COINS
ARTHURIAN CHARACTERS
BEHIND THE MUSIC
    $400 26
the Virgin Islands

Charlie
    $400 25
Apollo 11

Henry
    $400 7
jiggle

Charlie
    $400 9
a loonie

Amanda
    $400 15
Guinevere

Charlie
    $400 10
a bullfrog

Amanda
    $800 29
the Emirates

Charlie
    $800 17
(Charlie: What is Apollo?)

Gemini

CharlieHenry
    $800 6
haggle

Amanda
    $800 19
Thomas Jefferson

Charlie
    $800 22
Lancelot

Henry
    $800 11
"U Can't Touch This"

Charlie
    $2,000 23
Naples

Henry
    $1200 8
Endeavour

Charlie
    $1200 5
reggae

Amanda
    $1200 18
Marie Antoinette

Charlie
    $1200 14
the Lady of the Lake

Charlie
    $1200 12
"9 to 5"

Charlie
    $1600 24
the Riviera

Charlie
    $1600 1
Challenger Deep

Henry
    $1600 3
a dagger

Henry
    $1600 20
Finland

Amanda
    $1600 16
(Charlie: Who is Galahad?)

Gawain

CharlieHenry
    $1600 13
(Charlie: What is Skylab?)

Sputnik

CharlieHenry
    $2000 30
Ibiza

Charlie
    $4,200 2
Glenn

Henry
    $2000 4
haggis

Charlie
    $2000 28
Paul Kruger

Triple Stumper
    $2000 27
Mordred

Triple Stumper
    $2000 21
(Charlie: What is Born in the U.S.A.?)

Born to Run

Charlie
Triple Stumper

Scores at the end of the Double Jeopardy! Round:

Charlie Amanda Henry
$15,400 $7,600 $17,200

[wagering suggestions for these scores]

Final Jeopardy! Round responses

SECRETARIES OF STATE
(Alex: Oh, you were going for Truman? No.)
AmandaWho is Trum
$7,600
CharlieWho is Marshall?
$8,000
HenryWho is Marshall
$13,800
(George) Marshall

Final scores:

Charlie Amanda Henry
$23,400 $0 $31,000
2nd place: $2,000 3rd place: $1,000 New champion: $31,000

Game dynamics:

Coryat scores:

Charlie Amanda Henry
$14,800 $7,600 $14,200
27 R
(including 1 DD),
5 W
11 R,
0 W
14 R
(including 2 DDs),
1 W

Combined Coryat: $36,600

The J! Archive is created by fans, for fans. The Jeopardy! game show and all elements thereof, including but not limited to copyright and trademark thereto, are the property of Jeopardy Productions, Inc. and are protected under law. This website is not affiliated with, sponsored by, or operated by Jeopardy Productions, Inc. Join the discussion at JBoard.tv.